Ted Lasso - Match quotes to characters - Statistics

General Stats
  • This quiz has been taken 148 times
  • The average score is 9 of 15
Answer Stats
Hint Answer % Correct
"Football is life." Dani Rojas
92%
“Don’t you dare settle for fine.” Roy Kent
83%
"Be curious, not judgmental." Ted Lasso
82%
"A bit of advice for being a boss. Hire your best friend." Rebecca Welton
77%
“Old people are so wise. They’re like Tall Yodas.” Jamie Tartt
74%
“Horticulture, baby!” Coach Beard
73%
“I am a strong and capable man." Colin Hughes
73%
“If the Lasso way is wrong, it’s hard to imagine being right.” Trent Crimm
68%
“I never know how to react when a grown man beatboxes in front of me.” Keeley Jones
61%
“A good mentor hopes you move on. A great mentor knows you will.” Leslie Higgins
51%
"I do wish you the best because you are the fucking worst." Sassy
50%
“There’s something I should warn you of: I’m only going to get more wonderful.” Sam Obisanya
48%
“The truth will set you free… but first, it will piss you off.” Dr. Sharon Fieldstone
43%
"Yeah man, knitting soothes me." Moe Bumbercatch
33%
“I like clothes that tell the truth.” Barbara
25%
No matching quizzes found
Score Distribution
Percent of People with Each Score
Percentile by Number Answered
Your Score History
You have not taken this quiz